| 000 | 00767 a2200217 4500 | ||
|---|---|---|---|
| 003 | Nust | ||
| 005 | 20230217122152.0 | ||
| 010 | _a 96031534 | ||
| 020 | _a0792397746 (acid-free paper) | ||
| 040 | _cNust | ||
| 082 | 0 | 0 | _a511.3,FUZ |
| 245 | 0 | 0 |
_aFuzzy logic foundations and industrial applications / _cedited by Da Ruan. |
| 260 |
_aBoston : _bKluwer Academic Publishers, _cc1996. |
||
| 300 |
_axix, 330 p. : _bill. ; _c24 cm. |
||
| 440 | 0 |
_aInternational series in intelligent technologies ; _v8 _9102419 |
|
| 505 | _aFuzzy Logic Foundations (Page-1), Fuzzy Logic Systems (Page-93), Fuzzy Logic Industrial Application (Page-201). | ||
| 650 | 0 |
_aFuzzy logic. _960142 |
|
| 650 | 0 | _aIntelligent control systems. | |
| 700 | 1 |
_aRuan, Da. _9109214 |
|
| 942 |
_cREF _2ddc |
||
| 999 |
_c175371 _d175371 |
||